000 00574nam a22001817a 4500
999 _c15281
_d15281
003 AR-CdUCM
008 190426b ||||| |||| 00| 0 spa d
020 _a978-84-9825-290-3
040 _aMUNICIPALIDAD PROVINCIAL DEL CUSCO
_cBIBLIOTECA MUNICIPAL DEL CUSCO
082 _23ed.
_aPI / 790 /
_bC31
100 _aCarter, David A.
_933354
245 _a600 Puntos negros /
260 _aBarcelona :
_bCombel,
_c2010.
300 _a32 páginas ;
_bIlustraciones desplegables,
_c23.5 cm.
650 _aLiteratura infantil
_9588
942 _2ddc
_cLIBROS
945 _aacv
_d2019-04-26